[Event "Ostroda op"]
[Site "Ostroda"]
[Date "2006.08.07"]
[Round "1.14"]
[White "Czaus, Piotr"]
[Black "Krasiewicz, Robert"]
[Result "1-0"]
[WhiteElo "1777"]
[BlackElo "2068"]
[PlyCount "69"]
[EventDate "2006.08.07"]
[EventType "swiss"]
[EventRounds "9"]
[EventCountry "POL"]
[SourceTitle "CBM 113 Extra"]
[Source "ChessBase"]
[SourceDate "2006.09.14"]
[SourceVersion "1"]
[SourceVersionDate "2006.09.14"]
[SourceQuality "1"]

1. d4 d5 2. c4 e6 3. Nc3 Nf6 4. e3 a6 5. b3 c5 6. Nf3 Nc6 7. a3 dxc4 8. bxc4 Qc7 9. Be2 Be7 10. 0-0 0-0 11. Qc2 Rd8 12. Rd1 Bd7 13. Bb2 Rac8 14. d5 Na5 15. e4 exd5 16. e5 d4 17. exf6 Bxf6 18. Nd5 Qd6 19. Bd3 h6 20. Nd2 Be5 21. Ne4 Bxh2+ 22. Kh1 Qe5 23. Re1 Kh8 24. Ng3 Qd6 25. Kxh2 b5 26. Ne7 Rc7 27. Nef5 Bxf5 28. Bxf5 Nxc4 29. Kg1 Nb6 30. Rad1 a5 31. Bxd4 cxd4 32. Rxd4 Qxd4 33. Qxc7 g6 34. Qxf7 gxf5 35. Re7 1-0